书目信息 |
| 题名: |
市政工程质量常见问题与防治280例
|
|
| 作者: | 马宇鹏 主编 | |
| 分册: | ||
| 出版信息: | 北京 中国电力出版社 2020.2 |
|
| 页数: | 12,235页 | |
| 开本: | 24cm | |
| 丛书名: | 建设工程质量常见问题与防治系列 | |
| 单 册: | ||
| 中图分类: | TU712.3 | |
| 科图分类: | ||
| 主题词: | 市政工程--工程质量--质量管理 | |
| 电子资源: | ||
| ISBN: | 978-7-5123-7688-5 | |
| 000 | 00932nam0 2200253 45 | |
| 001 | 012001001037 | |
| 005 | 20140912144123.0 | |
| 010 | @a978-7-5123-7688-5@dCNY42.00 | |
| 100 | @a20150627d2015 em y0chiy50 ea | |
| 101 | 0 | @achi |
| 102 | @aCN@b110000 | |
| 105 | @aa z 000yy | |
| 106 | @ar | |
| 200 | 1 | @a市政工程质量常见问题与防治280例@Ashi zheng gong cheng zhi liang chang jian wen ti yu fang zhi 280 li@b专著@f马宇鹏主编 |
| 210 | @a北京@c中国电力出版社@d2020.2 | |
| 215 | @a12,235页@c图@d24cm | |
| 225 | 1 | @a建设工程质量常见问题与防治系列 |
| 330 | @a本书包括市政道路工程、市政桥梁工程、市政排水管道工程质量常见问题与防治3大部分,共280多例质量常见问题与防治措施,辅以大量现场照片实例。 | |
| 461 | 0 | @12001 @a建设工程质量常见问题与防治系列 |
| 606 | 0 | @a市政工程@x工程质量@x质量管理 |
| 690 | @aTU712.3@v5 | |
| 701 | 0 | @a马宇鹏@Ama yu peng@4主编 |
| 801 | 0 | @aCN@bBJSDL@c20211011 |
| 905 | @b1332795-8@dTU712.3@e1885@f4 | |
| 市政工程质量常见问题与防治280例/马宇鹏主编.-北京:中国电力出版社,2020.2 |
| 12,235页:图;24cm.-(建设工程质量常见问题与防治系列) |
| ISBN 978-7-5123-7688-5:CNY42.00 |
| 本书包括市政道路工程、市政桥梁工程、市政排水管道工程质量常见问题与防治3大部分,共280多例质量常见问题与防治措施,辅以大量现场照片实例。 |
| ● |
| 相关链接 |
|
|
|
|
正题名:市政工程质量常见问题与防治280例
索取号:TU712.3/1885
 
预约/预借
| 序号 | 登录号 | 条形码 | 馆藏地/架位号 | 状态 | 备注 |
| 1 | 1332795 | 213327951 | 第二样本阅览室/ [索取号:TU712.3/1885] | 在馆 | |
| 2 | 1332796 | 213327960 | 第三借阅区/ [索取号:TU712.3/1885] | 在馆 | |
| 3 | 1332797 | 213327979 | 第三借阅区/ [索取号:TU712.3/1885] | 在馆 | |
| 4 | 1332798 | 213327988 | 第三借阅区/ [索取号:TU712.3/1885] | 在馆 |